Hindī ke samasyā nāṭaka / (Record no. 86073)

MARC details
000 -LEADER
fixed length control field 00798cam a22002414a 4500
001 - CONTROL NUMBER
control field sa 68014866
003 - CONTROL NUMBER IDENTIFIER
control field DLC
005 - DATE AND TIME OF LATEST TRANSACTION
control field 20260227112636.0
008 - FIXED-LENGTH DATA ELEMENTS--GENERAL INFORMATION
fixed length control field 840914s1968 ii a b 000 0 hino
010 ## - LIBRARY OF CONGRESS CONTROL NUMBER
LC control number sa 68014866
040 ## - CATALOGING SOURCE
Original cataloging agency DLC
Transcribing agency DLC
Modifying agency DLC
050 00 - LIBRARY OF CONGRESS CALL NUMBER
Classification number PK2041
Item number .V45 1968
100 0# - MAIN ENTRY--PERSONAL NAME
Personal name Vinaya Kumāra.
245 10 - TITLE STATEMENT
Title Hindī ke samasyā nāṭaka /
Statement of responsibility, etc. [Vinaya Kumāra].
246 1# - VARYING FORM OF TITLE
Display text Title on t.p. verso:
Title proper/short title Hindi ke samasya natak
250 ## - EDITION STATEMENT
Edition statement 1. saṃskaraṇa.
260 ## - PUBLICATION, DISTRIBUTION, ETC.
Place of publication, distribution, etc. Ilāhābāda :
Name of publisher, distributor, etc. Nīlābha Prakāśana,
Date of publication, distribution, etc. 1968.
300 ## - PHYSICAL DESCRIPTION
Extent 554 p. :
Other physical details ill. ;
Dimensions 23 cm.
546 ## - LANGUAGE NOTE
Language note In Hindi.
500 ## - GENERAL NOTE
General note "Bihāra Viśvavidyālaya kī Dī. liṭa. upādhi ke nimitta svīkr̥ta śodha-prabandha."
504 ## - BIBLIOGRAPHY, ETC. NOTE
Bibliography, etc. note Bibliography: p. [549]-554.
650 #0 - SUBJECT ADDED ENTRY--TOPICAL TERM
Topical term or geographic name entry element Hindi drama
General subdivision History and criticism.

No items available.

Powered by Koha